Dynamické modely inflácie a nezamestnanosti diplomová práca

Uložené v:
Podrobná bibliografia
Hlavný autor: Fábryová, Terézia
Korporativný autor: Fakulta hospodárskej informatiky EU. Katedra operačného výskumu a ekonometrie
Ďalší autori: Szomolányi, Karol, 1976-
Médium: Kniha
Jazyk:Slovak
Vydavateľské údaje: Bratislava 2016
Tagy: Pridať tag
Žiadne tagy, Buďte prvý, kto otaguje tento záznam!

MARC

LEADER 00000nlm a2200000 4500
001 0226906
005 20180712093134.1
041 0 |a slo 
044 |a SK 
245 1 0 |a Dynamické modely inflácie a nezamestnanosti  |b diplomová práca  |c Terézia Fábryová ; školiteľ: Karol Szomolányi 
264 1 |a Bratislava  |c 2016 
300 |a 53 s. 
100 1 |a Fábryová, Terézia 
700 1 |a Szomolányi, Karol, 1976- 
710 2 |a Fakulta hospodárskej informatiky EU. Katedra operačného výskumu a ekonometrie